Environmental Disclosure as a Tool for Public Sector Legitimacy: A Twitter Intelligence Approach

Účelom tejto štúdie je zmerať rozsah environmentálnych správ na Twitteri podľa andalúzskych obcí (Španielsko) a identifikovať determinujúce faktory, ako je populácia, geolokácia, politické znamenia a udržateľné záväzky. Vzorka pozostávala z oficiálnych účtov na Twitteri 153 najväčších samospráv v A...

Descripción completa

Guardado en:
Detalles Bibliográficos
Autor principal: Bonsón, Enrique
Otros Autores: Perea, David, Bednárová, Michaela, 1987-
Formato: Capítulo de libro
Lenguaje:inglés
Materias:
Etiquetas: Agregar Etiqueta
Sin Etiquetas, Sea el primero en etiquetar este registro!

MARC

LEADER 00000naa a2200000 4500
001 0306056
005 20250529142234.8
041 0 |a eng 
044 |a SK 
245 1 0 |a Environmental Disclosure as a Tool for Public Sector Legitimacy: A Twitter Intelligence Approach  |c Enrique Bonsón, David Perea, Michaela Bednárová 
520 |a Účelom tejto štúdie je zmerať rozsah environmentálnych správ na Twitteri podľa andalúzskych obcí (Španielsko) a identifikovať determinujúce faktory, ako je populácia, geolokácia, politické znamenia a udržateľné záväzky. Vzorka pozostávala z oficiálnych účtov na Twitteri 153 najväčších samospráv v Andalúzii. 
610 2 0 |a samospráva 
610 2 0 |a reporting 
610 2 0 |a udržateľnosť 
610 2 0 |a Španielsko 
610 2 0 |a siete sociálne 
100 1 |a Bonsón, Enrique 
700 1 |a Perea, David 
700 1 |a Bednárová, Michaela, 1987-